Normal view
MARC view
- The elements of costing
Entry Topical Term
001 - CONTROL NUMBER
- control field: 110794
003 - CONTROL NUMBER IDENTIFIER
- control field: NUST
005 - DATE AND TIME OF LATEST TRANSACTION
- control field: 20230321113151.0
008 - FIXED-LENGTH DATA ELEMENTS
- fixed length control field: 230321|| aca||aabn | a|a d
040 ## - CATALOGING SOURCE
- Original cataloging agency: NUST
- Transcribing agency: NUST
150 ## - HEADING--TOPICAL TERM
- Topical term or geographic name entry element: The elements of costing
670 ## - SOURCE DATA FOUND
- Source citation: Work cat.: (NUST)185910: Glover, George Robert. 110793, The Elements of Costing /, [1928]
